30 najwiekszych miast Polski - Statystyki

Ogólne statystyki
  • Ten quiz został rozwiązany 804 razy
  • Średni wynik to 23 z 30
Statystyki odpowiedzi
Hint Odpowiedź % Poprawnych
1. Warszawa
99%
2. Kraków
98%
3. Wrocław
97%
6. Gdańsk
96%
4. Łódź
94%
5. Poznań
94%
12. Gdynia
93%
7. Szczecin
92%
10. Białystok
91%
9. Lublin
91%
11. Katowice
90%
8. Bydgoszcz
89%
16. Toruń
86%
18. Rzeszów
84%
24. Zielona Góra
81%
21. Olsztyn
80%
17. Kielce
78%
13. Częstochowa
77%
28. Opole
75%
14. Radom
75%
19. Gliwice
71%
29. Gorzów Wielkopolski
71%
15. Sosnowiec
63%
20. Zabrze
61%
22. Bielsko-Biała
54%
23. Bytom
50%
30. Elbląg
48%
27. Tychy
46%
25. Rybnik
41%
26. Ruda Śląska
38%
Nie znaleziono quizów pasujących do podanych kryteriów
Rozkład punktacji
Procent ludzi z każdym wynikiem
Percentyl według liczby udzielonych odpowiedzi
Twoja historia wyników
Nie rozwiązałeś tego quizu